Star Wars Ship Classes - Statistics

General Stats
  • This quiz has been taken 32 times
  • The average score is 8 of 27
Answer Stats
Hint Ship Class % Correct
This star destroyer's distinctive triangular shape made it a symbol of the Empire's iron-fisted rule. Imperial
91%
This star destroyer was used most notably by the Republic. it was phased out after the rise of the Empire. Venator
91%
This Republic assault ship was unique because of its ability to land on planets, despite its size. Acclamator
64%
This huge battleship was deployed by the Trade Federation in the blockade of Naboo. Lucrehulk
64%
This huge star dreadnought was the largest ship class that the Empire ever put into service. Executor
55%
This starfighter was used by the Separatists. It was an autonomous drone fighter that could walk on its four "legs". Vulture
55%
This light cruiser's triangular shape is reminiscent of its larger counterpart. It was first used by the Republic and then adopted by the Empire. Arquitens
45%
This larger droid starfighter was used as a bomber by the separatists. Hyena
45%
This separatist dreadnought was notable for being the flagship of General Grievous during the Battle of Coruscant. Providence
36%
This popular Imperial shuttle had 3 large wings, two of which could fold up during landing. Lambda
27%
This star frigate was used widely by the Separatists during the Clone Wars. Munificent
27%
This interceptor model was used by the Jedi order during the end of the Clone Wars and was considered to be a predecessor to the Imperial TIE fighter. Actis
18%
This rare Imperial shuttle model was notably used as Director Orson Krennic's personal shuttle. Delta
18%
This Corellian-made cruiser was used widely by the people of the galaxy, but was most notably used by the Empire. It could carry two TIE fighters on its underbelly, or even two AT-ATs. Gozanti
18%
This First Order siege dreadnought was equipped with two huge orbital bombardment cannons. Mandator IV
18%
The First Order heavily based the design of this star destroyer on its Imperial predecessor. Resurgent
18%
This heavy cruiser was rare in the separatist fleets because it carried two high-tech mega ion cannons on either side. Subjugator
18%
This interceptor model was used by the Jedi Order during the beginning of the Clone Wars and had a distinctive triangular shape. Aethersprite
9%
One of the largest star dreadnoughts ever built. Served as Supreme Leader Snoke's flagship. Mega
9%
This Republic starfighter was more commonly known as the v-wing. Nimbus
9%
This short-range transport shuttle was used by the separatists. Sheathipede
9%
This corvette's more common name was "hammerhead" based on the shape of its bow and that it could ram other ships while taking minimal damage. Sphyrna
9%
This First Order shuttle was used by Kylo Ren as his command shuttle Upsilon
9%
This star destroyer was used by the Final Order and it had the capability to destroy planets with an axial superlaser. Xyston
9%
This resistance ship was commonly known as a bunkerbuster. Free Virgillia
0%
This cargo frigate was used by the resistance and was seen in the Battle of D'Qar. Vakbeor
0%
This heavy cargo shuttle had two forked wings and was used by the Rogue One team to infiltrate Scarif. Zeta
0%
No matching quizzes found
Score Distribution
Percent of People with Each Score
Percentile by Number Answered
Your Score History
You have not taken this quiz